Las gráficas de las funciones como una argumentación del cálculo
Uloženo v:
| Hlavní autoři: | , |
|---|---|
| Médium: | Kniha |
| Jazyk: | španělština |
| Vydáno: |
Ciudad de México
Iberoamérica
1995
|
| Edice: | Didáctica
|
| Témata: | |
| Tagy: |
Přidat tag
Žádné tagy, Buďte první, kdo vytvoří štítek k tomuto záznamu!
|
MARC
| LEADER | 00000nam a2200000 a 4500 | ||
|---|---|---|---|
| 001 | UCQ3060 | ||
| 003 | CL-VaPUC | ||
| 008 | 980817e19950000MX |||||||||||||||||spa|d | ||
| 082 | 0 | 4 | |a 513.9 |b COR |2 21 |
| 100 | 0 | |a Cordero Osorio, Francisco |e author |9 417109 | |
| 700 | 0 | |a Solís, Miguel |e author |9 417110 | |
| 245 | 1 | 4 | |a Las gráficas de las funciones como una argumentación del cálculo |
| 300 | |a 36 p | ||
| 942 | |c BK | ||
| 945 | |d 19980817 00:00:00 |a mvenant | ||
| 260 | |a Ciudad de México |b Iberoamérica |c 1995 | ||
| 650 | 0 | |a Gráficas |9 264054 | |
| 650 | 0 | |a Cálculo |9 260234 | |
| 650 | 0 | |a Calculadoras |9 353224 | |
| 650 | 0 | |a Funciones |9 263869 | |
| 650 | 0 | |a Derivadas |9 354237 | |
| 583 | |a last modification |c 19980817 00:00:00 |k Rodrigo Vera | ||
| 490 | 0 | |a Didáctica | |
| 999 | |c 273710 |d 273708 | ||
| 952 | |0 0 |1 0 |4 0 |6 513_900000000000000_COR_1995 |7 0 |8 A |9 309542 |a BIBMAT |b BIBMAT |c E_DIDACT |d 2019-11-20 |i 345021K |o 513.9 COR 1995 |p 345021K |r 2025-01-07 |w 2019-11-20 |y BK |k MAT | ||
| 952 | |0 0 |1 0 |4 0 |6 513_900000000000000_COR_1995 |7 0 |8 A |9 309543 |a BIBMAT |b BIBMAT |c E_DIDACT |d 2019-11-20 |i 3745236 |o 513.9 COR 1995 |p 3745236 |r 2025-01-07 |w 2019-11-20 |y BK |k MAT | ||